Dead By Daylight | General Trivia - Statistics

General Stats
  • This quiz has been taken 337 times
  • The average score is 8 of 10
Answer Stats
Question Answer % Correct
What is the name of the being that oversees the Realm? The Entity
99%
Who is the only killer that has a third-person point-of-view at all times? (except when carrying a survivor or searching lockers) The Good Guy (Chucky)
95%
Which survivor is the only licensed character every player can access for free? William "Bill" Overbeck
94%
What is the name of the matches that take place within the Realm? The Trials
92%
Who is the only killer that is technological/robotic, and is neither organically nor supernaturally sustained? (This killer has some organic *parts* but it *survives* on technology) The Singularity
91%
How many teachable perks does each survivor and killer have? 3
88%
Which of these survivor perks allows you to reset dropped (but not broken) pallets? Any Means Necessary
79%
Which of these perks is an Exhaustion Perk? Overcome
68%
Who canonically made the main theme song for Dead By Daylight? Kate Denson
57%
What licensed chapter is the only chapter (and, by extension, its characters) to ever be removed from Dead By Daylight? Stranger Things
53%
No matching quizzes found
Score Distribution
Percent of People with Each Score
Percentile by Number Answered
Your Score History
You have not taken this quiz